| 000 | 00500nam a2200169 4500 | ||
|---|---|---|---|
| 008 | 171213b xxu||||| |||| 00| 0 eng d | ||
| 020 | _a185868190 | ||
| 082 |
_21996 _aDC 786.2 _bSi1 |
||
| 100 |
_925074 _a Siepmann, Jeremy, author. |
||
| 245 |
_aThe piano / _cJeremy Siepmann. |
||
| 260 |
_aLondon : _bCarlton, _c© 1996 |
||
| 300 |
_a192 pages : _bcolored illustrations ; _c28 cm. |
||
| 500 | _aIncludes index. | ||
| 650 | 0 |
_925075 _aPiano _vHistory. |
|
| 650 | 0 |
_925077 _aPiano. |
|
| 942 |
_2ddc _cDC |
||
| 999 |
_c8105 _d8105 |
||